000 00409nam a2200133Ia 4500
008 191111s9999 xx 000 0 und d
020 _a9780199746408
100 _aCastro, Christi-Anne.
245 _cChristi-Anne Castro.--
_aMusical renderings of the philippine nation /
260 _aUSA :
_bOxford University Press
_c2011
300 _a234 pages.
650 _aNationalism in music
650 _aPhilippines
999 _c362673
_d362673